[Event "FIDE World Rapid Team"]
[Site "London ENG"]
[Date "2025.06.11"]
[Round "3.1"]
[White "Pichot, Alan"]
[Black "Chinguun, Sumiya"]
[Result "1-0"]
[WhiteTitle "GM"]
[BlackTitle "FM"]
[WhiteElo "2588"]
[BlackElo "2415"]
[WhiteTeam "Duobeniajan Costa Calida ESJ"]
[BlackTeam "The MongolZ"]
[WhiteFideId "110973"]
[BlackFideId "4902572"]
[EventDate "2025.06.11"]
[EventType "team"]

1. e4 c5 2. Nf3 d6 3. c3 Nf6 4. Be2 g6 5. O-O Bg7 6. Bb5+ Nbd7 7. Re1 a6 8. Bf1
O-O 9. d4 b5 10. a4 bxa4 11. Qxa4 Bb7 12. d5 a5 13. Bg5 h6 14. Bh4 Qb6 15. Nbd2
Qc7 16. Nc4 Nb6 17. Nxb6 Qxb6 18. Qc2 Rfe8 19. Nd2 Qc7 20. Nc4 Bc8 21. Bg3 Nh5
22. e5 Rd8 23. Bh4 Bf5 24. exd6 Rxd6 25. Rxe7 Qd8 26. Qa4 Rxd5 27. Ne3 Bd7 28.
Qc4 Bc6 29. Re6 Bb5 30. Qxb5 Qxh4 31. Re8+ Rxe8 32. Qxe8+ Kh7 33. Nxd5 Qg5 34.
Qxf7 1-0

[Event "FIDE World Rapid Team"]
[Site "London ENG"]
[Date "2025.06.11"]
[Round "3.2"]
[White "Reimanis, Ritvars"]
[Black "Ibarra Jerez, Jose Carlos"]
[Result "0-1"]
[WhiteTitle "IM"]
[BlackTitle "GM"]
[WhiteElo "2355"]
[BlackElo "2545"]
[WhiteTeam "The MongolZ"]
[BlackTeam "Duobeniajan Costa Calida ESJ"]
[WhiteFideId "11602988"]
[BlackFideId "2226332"]
[EventDate "2025.06.11"]
[EventType "team"]

1. d4 Nf6 2. Nf3 g6 3. c4 d6 4. Nc3 Bf5 5. Bg5 Ne4 6. Nxe4 Bxe4 7. Nd2 Bf5 8. e4
Bd7 9. Be2 Bg7 10. Be3 c5 11. d5 Na6 12. Rb1 Nc7 13. b4 cxb4 14. Rxb4 b6 15. Rb1
Na6 16. Nb3 O-O 17. Bd4 e5 18. dxe6 Bxe6 19. O-O Rc8 20. Bxg7 Kxg7 21. Qd4+ Qf6
22. Rfd1 Rfd8 23. f4 Nb4 24. Rb2 Nc6 25. Qxf6+ Kxf6 26. Nd4 Ke7 27. Nb5 Rd7 28.
Rbd2 Rcd8 29. g4 f6 30. Nd4 Nxd4 31. Rxd4 g5 32. Kf2 Rc8 33. Ke3 Rc5 34. f5 Bf7
35. R1d2 Ra5 36. Kf2 Ra3 37. Bf1 Rc3 38. Be2 Ra3 39. Kg2 Ra4 40. Kf2 Rb4 41. Kg2
Rb1 42. Kf2 Rc1 43. Kg2 Rd8 44. Kf2 Be8 45. Bd1 Rc3 46. Be2 Bc6 47. Bf3 Rd7 48.
Be2 Bb7 49. Bf3 Ra3 50. Be2 Rd8 51. Bf3 Ra5 52. Bg2 Rd7 53. Bf3 Rc5 54. Be2 Re5
55. Bf3 Rd8 56. Rd1 Bc6 57. R1d2 Be8 58. Kg3 Rc8 59. h4 h6 60. hxg5 hxg5 61. Rh2
Bf7 62. Rhd2 Rc6 63. Be2 Rec5 64. Rc2 b5 65. Rc3 b4 66. Rc2 Ra5 67. Rb2 Ra3+ 68.
Rb3 Rxa2 69. Rxb4 Rxe2 70. Rb7+ Ke8 71. c5 Rxc5 72. Kf3 Rec2 73. Rxd6 R5c3+ 0-1

[Event "FIDE World Rapid Team"]
[Site "London ENG"]
[Date "2025.06.11"]
[Round "3.3"]
[White "Cuenca Jimenez, Jose Fernando"]
[Black "Itgelt, Khuyagtsogt"]
[Result "0-1"]
[WhiteTitle "GM"]
[BlackTitle "IM"]
[WhiteElo "2487"]
[BlackElo "2425"]
[WhiteTeam "Duobeniajan Costa Calida ESJ"]
[BlackTeam "The MongolZ"]
[WhiteFideId "2255570"]
[BlackFideId "4902912"]
[EventDate "2025.06.11"]
[EventType "team"]

1. d4 Nf6 2. Bf4 g6 3. Nc3 d5 4. e3 Bg7 5. h4 h5 6. Nb5 Na6 7. Nc3 Nb8 8. Nb5
Na6 9. Nf3 c6 10. Nc3 Nc7 11. Be2 O-O 12. a4 a5 13. Be5 Nce8 14. Bd3 Nd6 15. Ne2
Qb6 16. b3 Nde4 17. O-O Bg4 18. Qe1 Bf5 19. Ng5 Bd7 20. Bxe4 Nxe4 21. Bxg7 Kxg7
22. Nxe4 dxe4 23. Ng3 f5 24. Ne2 c5 25. d5 Qf6 26. Qc3 Qxc3 27. Nxc3 Kf6 28. Ne2
e5 29. dxe6 Bxe6 30. c4 Rfd8 31. Rad1 Ke7 32. Nc3 Rxd1 33. Rxd1 Ra6 34. Kh2 Kf6
35. Nb5 Ke7 36. Kg3 Bd7 37. Nc3 Bc6 38. Kf4 Rb6 39. Nb5 Bxb5 40. axb5 Re6 41.
Rd5 b6 42. Re5 Kd6 43. Rxe6+ Kxe6 44. Kg5 Kf7 45. Kh6 Kf6 46. f3 f4 0-1

[Event "FIDE World Rapid Team"]
[Site "London ENG"]
[Date "2025.06.11"]
[Round "3.4"]
[White "Nomin-Erdene, Davaademberel"]
[Black "Camacho Collados, Marcos"]
[Result "1-0"]
[WhiteTitle "IM"]
[BlackTitle "IM"]
[WhiteElo "2293"]
[BlackElo "2462"]
[WhiteTeam "The MongolZ"]
[BlackTeam "Duobeniajan Costa Calida ESJ"]
[WhiteFideId "4900782"]
[BlackFideId "2266237"]
[EventDate "2025.06.11"]
[EventType "team"]

1. e4 c5 2. Nf3 e6 3. d4 cxd4 4. Nxd4 a6 5. c4 Nf6 6. Nc3 Qc7 7. a3 b6 8. Be3
Bb7 9. f3 Nc6 10. Be2 Ne5 11. Rc1 Ng6 12. Qd2 h5 13. b4 h4 14. Nb3 Bd6 15. Bxb6
Qxb6 16. c5 Bxc5 17. Nxc5 O-O 18. N3a4 Qa7 19. Nxb7 Qxb7 20. Qd6 h3 21. g3 Nxe4
22. fxe4 Qxe4 23. Rf1 a5 24. Nc5 Qe3 25. Qd2 Qxa3 26. Rf3 Qxb4 27. Qxb4 axb4 28.
Nxd7 Rfd8 29. Nc5 Ra2 30. Rd3 Rc8 31. Rb3 Ne5 32. Rxb4 Rd8 33. Re4 Nc6 34. Nxe6
fxe6 35. Rxc6 Ra1+ 36. Kf2 Rh1 37. Rcxe6 Rxh2+ 38. Kf3 Rh1 39. Bc4 Rf8+ 40. Rf6+
Kh7 41. Rh4# 1-0

[Event "FIDE World Rapid Team"]
[Site "London ENG"]
[Date "2025.06.11"]
[Round "3.5"]
[White "Khotenashvili, Bella"]
[Black "Ulziikhishig Khishigbat"]
[Result "1-0"]
[WhiteTitle "GM"]
[BlackTitle "FM"]
[WhiteElo "2418"]
[BlackElo "2266"]
[WhiteTeam "Duobeniajan Costa Calida ESJ"]
[BlackTeam "The MongolZ"]
[WhiteFideId "13602640"]
[BlackFideId "4908120"]
[EventDate "2025.06.11"]
[EventType "team"]

1. Nf3 Nf6 2. g3 d5 3. Bg2 g6 4. O-O Bg7 5. d4 O-O 6. a4 b6 7. a5 Bb7 8. c3 c5
9. Bf4 Re8 10. Nbd2 Nh5 11. Be3 Nd7 12. a6 Bc6 13. dxc5 bxc5 14. Nb3 Qb6 15.
Nxc5 Nxc5 16. b4 Bxc3 17. Bxc5 Qd8 18. Nd4 Bxd4 19. Qxd4 e5 20. Qd2 Qd7 21. b5
Bxb5 22. Qxd5 Qxd5 23. Bxd5 Rad8 24. Bb7 Re6 25. Bxa7 Rdd6 26. Bc5 Rxa6 27. Bxa6
Bxa6 28. Ra2 Nf6 29. Rd1 Ne4 30. Rd8+ Kg7 31. Bf8+ Kf6 32. Rc2 Ng5 33. h4 Ne4
34. Kg2 Bb7 35. f3 Rb6 36. Rc7 Rb2 37. fxe4 Bxe4+ 38. Kf2 Bf5 39. Rd6+ Be6 40.
g4 e4 41. Be7+ Ke5 42. Rc5+ Kf4 43. Rd4 f5 44. gxf5 Bxf5 45. Bg5+ Kg4 46. Rc7 h5
47. Rc1 Rb5 48. Rg1+ Kh3 49. Rdd1 e3+ 50. Bxe3 Be4 51. Rg5 Rb2 52. Rg3+ Kh2 53.
Bf4 Rxe2+ 54. Kxe2 Bf3+ 55. Kxf3 g5 56. Rg2+ Kh3 57. Rh1# 1-0

[Event "FIDE World Rapid Team"]
[Site "London ENG"]
[Date "2025.06.11"]
[Round "3.6"]
[White "Araya Fuentes, Cristian"]
[Black "Torres, Lucas"]
[Result "1/2-1/2"]
[WhiteElo "1921"]
[BlackElo "1897"]
[WhiteTeam "The MongolZ"]
[BlackTeam "Duobeniajan Costa Calida ESJ"]
[WhiteFideId "6502946"]
[BlackFideId "1769464"]
[EventDate "2025.06.11"]
[EventType "team"]

1. e4 e6 2. d3 d5 3. Nd2 c5 4. Ngf3 Nc6 5. g3 Nf6 6. Bg2 g6 7. O-O Bg7 8. c3 Qb6
9. Re1 O-O 10. Nb3 a5 11. a4 c4 12. exd5 exd5 13. dxc4 dxc4 14. Nbd4 Bg4 15. Qc2
Nxd4 16. Nxd4 Rfe8 17. Be3 Qa6 18. h3 Bd7 19. Rad1 Rad8 20. Re2 Bc6 21. Nxc6
bxc6 22. Bg5 Qc8 23. Rxd8 Rxd8 24. Bxf6 Bxf6 25. Qe4 c5 26. Qxc4 Qd7 27. Kh2 Qd1
28. Qb5 Kg7 29. Re8 Rxe8 30. Qxe8 Qd2 31. Qb5 1/2-1/2

[Event "FIDE World Rapid Team"]
[Site "London ENG"]
[Date "2025.06.11"]
[Round "3.1"]
[White "Navara, David"]
[Black "Wu, Li"]
[Result "1/2-1/2"]
[WhiteTitle "GM"]
[BlackTitle "FM"]
[WhiteElo "2657"]
[BlackElo "2278"]
[WhiteTeam "Hetman GKS Katowice"]
[BlackTeam "Chess Rising Stars"]
[WhiteFideId "309095"]
[BlackFideId "411086"]
[EventDate "2025.06.11"]
[EventType "team"]

1. d4 d5 2. c4 e6 3. Nc3 Nf6 4. cxd5 exd5 5. Bg5 c6 6. e3 h6 7. Bh4 Be7 8. Bd3
O-O 9. Nge2 Nbd7 10. f3 c5 11. O-O Re8 12. Kh1 a6 13. dxc5 Bxc5 14. Nxd5 g5 15.
Nxf6+ Qxf6 16. Be1 Bxe3 17. Bc3 Qb6 18. f4 Nc5 19. fxg5 Nxd3 20. Qxd3 Qg6 21.
Qxg6+ fxg6 22. gxh6 Bxh6 23. Ng3 Bg7 24. Bxg7 Kxg7 25. Rac1 Re7 26. Rfe1 Be6 27.
Re3 Rae8 28. Rce1 Kf8 29. a3 Bd5 30. Rxe7 Rxe7 31. Rxe7 Kxe7 32. Kg1 Kd6 33. Kf2
Kc5 34. Nf1 Kd4 35. Ne3 Be6 36. Ke2 a5 37. Kd2 Bd7 38. h4 Be6 39. g4 Bf7 40. g5
Be6 41. Nc2+ Ke4 42. Kc3 Kf4 43. Kd4 Bf5 44. Ne3 Bb1 45. Nc4 a4 46. Nd6 Kg4 47.
Ke5 Kxh4 48. Kf6 b6 49. Nc4 b5 50. Nd2 Bd3 51. Nf3+ Kh5 52. Ne5 Bf5 53. Nc6 Bd3
54. Ne7 Be4 55. Ke5 Bd3 56. Kf6 Be4 57. Nc8 Bd3 58. Na7 Kg4 59. Nc6 Kh5 60. Nd4
Kg4 61. Nc6 Be4 62. Ne5+ Kh5 63. Nf7 Bd3 64. Nh8 1/2-1/2

[Event "FIDE World Rapid Team"]
[Site "London ENG"]
[Date "2025.06.11"]
[Round "3.2"]
[White "Cumming, Rhys"]
[Black "Klimkowski, Jan"]
[Result "0-1"]
[WhiteTitle "FM"]
[BlackTitle "GM"]
[WhiteElo "2285"]
[BlackElo "2508"]
[WhiteTeam "Chess Rising Stars"]
[BlackTeam "Hetman GKS Katowice"]
[WhiteFideId "470163"]
[BlackFideId "21856222"]
[EventDate "2025.06.11"]
[EventType "team"]

1. e4 c5 2. Nf3 d6 3. Bb5+ Nd7 4. O-O a6 5. Bd3 Ngf6 6. Re1 e6 7. c3 b5 8. a4
Bb7 9. axb5 axb5 10. Rxa8 Qxa8 11. Na3 Bxe4 12. Bxe4 Nxe4 13. Nxb5 Qb7 14. Qa4
Nef6 15. d4 Be7 16. Qa6 Qxa6 17. Nc7+ Kd8 18. Nxa6 Kc8 19. dxc5 dxc5 20. b4 c4
21. Be3 Kb7 22. b5 Nd5 23. Bd4 Bf6 24. Bxf6 gxf6 25. Nd2 Rc8 26. Ne4 Kb6 27. Nd6
Rf8 28. Ra1 Ne5 29. Nb4 Nxc3 30. f4 Ne2+ 31. Kf1 Nxf4 32. Ra6+ Kc5 33. Nc2 f5
34. Nb7+ Kxb5 35. Rd6 Nd5 36. Nd4+ Kb4 37. Nd8 Kc5 38. Nxf5 exf5 39. Nb7+ Kd4 0-1

[Event "FIDE World Rapid Team"]
[Site "London ENG"]
[Date "2025.06.11"]
[Round "3.3"]
[White "Seemann, Jakub"]
[Black "Navrotescu, Andreea"]
[Result "1-0"]
[WhiteTitle "IM"]
[BlackTitle "WGM"]
[WhiteElo "2450"]
[BlackElo "2333"]
[WhiteTeam "Hetman GKS Katowice"]
[BlackTeam "Chess Rising Stars"]
[WhiteFideId "21874697"]
[BlackFideId "675946"]
[EventDate "2025.06.11"]
[EventType "team"]

1. c4 e5 2. d3 c6 3. Nf3 Bd6 4. b3 Nf6 5. Bb2 Qe7 6. Nbd2 Bc7 7. Rc1 O-O 8. Qc2
a5 9. a3 Na6 10. e3 d5 11. cxd5 cxd5 12. d4 exd4 13. Nxd4 Bd6 14. Nb5 Bg4 15.
Nxd6 Qxd6 16. h3 Bh5 17. Qf5 Bg6 18. Qg5 Rac8 19. Rd1 Rc2 20. Qe5 Qc6 21. Be2
Nc5 22. Bd4 Nd3+ 23. Bxd3 Bxd3 24. f3 Re8 25. Qf4 Nh5 26. Qg5 Rxd2 27. Rxd2 Qc1+
28. Rd1 Qc2 29. Rxd3 Qxd3 30. Kf2 Qd2+ 31. Kg1 g6 32. Kh2 Qc2 33. Re1 Qc6 34.
Kg1 Ng7 35. Bb2 Nf5 36. g4 Ng7 37. Qf4 Qb6 38. Bd4 Ne6 39. Qf6 1-0

[Event "FIDE World Rapid Team"]
[Site "London ENG"]
[Date "2025.06.11"]
[Round "3.4"]
[White "Tsaknakis, Zisis"]
[Black "Cieslak, Patryk"]
[Result "0-1"]
[WhiteTitle "FM"]
[BlackTitle "FM"]
[WhiteElo "2333"]
[BlackElo "2442"]
[WhiteTeam "Chess Rising Stars"]
[BlackTeam "Hetman GKS Katowice"]
[WhiteFideId "4259963"]
[BlackFideId "21078882"]
[EventDate "2025.06.11"]
[EventType "team"]

1. e4 e5 2. Nf3 Nf6 3. d4 Nxe4 4. Bd3 Nc6 5. dxe5 d5 6. exd6 Nxd6 7. O-O Be7 8.
Nc3 Be6 9. Re1 O-O 10. Bf4 Bf6 11. Ne5 Nxe5 12. Bxe5 Bxe5 13. Rxe5 Qf6 14. Qe2
g6 15. Re1 Rad8 16. Qe3 b6 17. Qg3 Rfe8 18. h4 c6 19. h5 Bd7 20. f4 Kg7 21. hxg6
hxg6 22. Ne4 Nxe4 23. R1xe4 Rxe5 24. fxe5 Qe7 25. Rh4 Rh8 26. Rxh8 Kxh8 27. Qf4
Kg7 28. Kf2 Be6 29. b3 Bd5 30. Qd4 Kg8 31. a4 Qg5 32. g4 Qd2+ 33. Kf1 Qd1+ 34.
Kf2 Qd2+ 35. Kf1 Qd1+ 36. Kf2 Qf3+ 37. Ke1 c5 38. Qf2 Qxg4 39. Qf6 Qf3 40. Qd8+
Kg7 41. Qg5 Qh1+ 42. Kf2 Qh2+ 43. Ke3 Qh3+ 44. Kf2 Qe6 45. Kg3 Bb7 46. Bc4 Qc6
47. Qf4 Qg2+ 48. Kh4 Qe4 49. Kg5 Qxf4+ 50. Kxf4 f6 51. Bd3 Bc8 52. exf6+ Kxf6
53. c3 a5 54. Bc4 Bf5 55. Bd5 g5+ 56. Ke3 Ke5 57. Bg2 Bc2 58. b4 cxb4 59. cxb4
axb4 60. Bc6 b3 61. Kd2 Be4 62. Bd7 b2 0-1

[Event "FIDE World Rapid Team"]
[Site "London ENG"]
[Date "2025.06.11"]
[Round "3.5"]
[White "Tsatsalashvili, Keti"]
[Black "Mihailidou, Magdalini"]
[Result "1-0"]
[WhiteTitle "WGM"]
[WhiteElo "2305"]
[BlackElo "1922"]
[WhiteTeam "Hetman GKS Katowice"]
[BlackTeam "Chess Rising Stars"]
[WhiteFideId "13603434"]
[BlackFideId "25801236"]
[EventDate "2025.06.11"]
[EventType "team"]

1. d4 d5 2. c4 e6 3. Nc3 Nf6 4. Bg5 c6 5. e3 Be7 6. Rc1 O-O 7. Bd3 h6 8. Bh4
dxc4 9. Bxc4 b5 10. Bd3 Nd5 11. Bxe7 Nxe7 12. Nf3 Nd7 13. O-O Bb7 14. Ne4 Nf5
15. Nc5 Nxc5 16. Rxc5 Ne7 17. Bb1 Nd5 18. Ne5 Qg5 19. Qd3 f5 20. f4 Qd8 21. a3
Rc8 22. Rfc1 Qd6 23. Ba2 Kh7 24. g3 Nf6 25. Qb3 Rfe8 26. Bb1 Nd7 27. Nxd7 Qxd7
28. Bd3 a6 29. Qc2 g6 30. Be2 Qg7 31. Bf3 Rcd8 32. Bxc6 Re7 33. Bxb7 Rxb7 34.
Rc6 Re7 35. Rxa6 g5 36. Qf2 Rdd7 37. Rac6 gxf4 38. Qxf4 e5 39. Qxf5+ Kh8 40.
Rc8+ 1-0

[Event "FIDE World Rapid Team"]
[Site "London ENG"]
[Date "2025.06.11"]
[Round "3.6"]
[White "Kennedy, Aden"]
[Black "Smolinski, Wojciech"]
[Result "1/2-1/2"]
[WhiteElo "1950"]
[BlackElo "1987"]
[WhiteTeam "Chess Rising Stars"]
[BlackTeam "Hetman GKS Katowice"]
[WhiteFideId "343401015"]
[BlackFideId "21088683"]
[EventDate "2025.06.11"]
[EventType "team"]

1. e4 c5 2. Nf3 d6 3. d4 cxd4 4. Nxd4 Nf6 5. f3 e5 6. Nb3 d5 7. exd5 Qxd5 8.
Qxd5 Nxd5 9. Bd2 Bf5 10. c4 Nb4 11. Na3 Nd3+ 12. Bxd3 Bxd3 13. Nb5 Na6 14. Rc1
Be7 15. Be3 b6 16. Kf2 O-O 17. Rhd1 Bf5 18. a3 Rfc8 19. Nd2 Nc5 20. Bxc5 Bxc5+
21. Ke2 a6 22. Nc3 Bd4 23. Nde4 Be6 24. b3 b5 25. Nd5 Bxd5 26. cxd5 Rd8 27. d6
f5 28. Ng3 g6 29. Rc6 Rd7 30. Rdc1 Bb2 31. Rc8+ Rxc8 32. Rxc8+ Kf7 33. Rc6 Bxa3
34. Rxa6 Bxd6 35. Rb6 b4 36. Nf1 Ke7 37. Ne3 Bc5 38. Rb5 Bxe3 39. Kxe3 Ke6 40.
Rxb4 Rc7 41. Kd3 Kd5 42. Rb5+ Rc5 43. Rxc5+ Kxc5 44. Kc3 Kb5 45. b4 h6 46. Kb3
e4 47. fxe4 fxe4 48. Kc3 e3 49. Kd3 Kxb4 50. Kxe3 Kc5 51. Ke4 Kd6 52. h3 Ke6 53.
h4 Kf6 54. g3 h5 55. Kf4 Kf7 56. Ke3 Kf6 57. Kf4 Kf7 58. Kf3 Kf6 59. g4 hxg4+
60. Kxg4 Kf7 61. Kf3 Kg7 62. Kf4 Kh6 63. Kg4 Kh7 64. Kg5 Kg7 65. Kg4 Kh6 66. Kf4
Kh5 67. Kg3 Kh6 68. Kg4 Kh7 69. Kf4 Kh6 70. Kg4 Kh7 71. Kf4 Kh6 72. Ke4 1/2-1/2

[Event "FIDE World Rapid Team"]
[Site "London ENG"]
[Date "2025.06.11"]
[Round "3.1"]
[White "Orozbaev, Eldiyar"]
[Black "Hong, Andrew"]
[Result "1-0"]
[WhiteTitle "IM"]
[BlackTitle "GM"]
[WhiteElo "2367"]
[BlackElo "2589"]
[WhiteTeam "Noval Group Kyrgyzstan"]
[BlackTeam "FIDE MB Team"]
[WhiteFideId "13802240"]
[BlackFideId "2099438"]
[EventDate "2025.06.11"]
[EventType "team"]

1. e4 c5 2. c3 Nf6 3. e5 Nd5 4. d4 cxd4 5. Nf3 e6 6. cxd4 d6 7. Bd3 Nc6 8. O-O
Ndb4 9. Be4 d5 10. Bd3 Nxd3 11. Qxd3 Be7 12. Nc3 O-O 13. h4 Bxh4 14. g3 Be7 15.
Kg2 f5 16. exf6 Bxf6 17. Rh1 g6 18. Bf4 Bd7 19. Nb5 Qb6 20. Rxh7 Kxh7 21. Rh1+
Kg7 22. Bh6+ Kf7 23. Ng5+ Ke7 24. Qa3+ Kd8 25. Qxf8+ Be8 26. Qxf6+ Kc8 27. Nd6+
Kc7 28. Nxe6+ Kb8 29. Nxe8 a5 30. N8c7 Ka7 31. Nxa8 Qxb2 32. Nac7 Qxa2 33. Nd8
Kb6 34. Nxc6 bxc6 35. Rc1 Qc4 36. Rxc4 dxc4 37. d5 Kc5 38. Qxc6+ Kb4 39. d6 g5
40. Bxg5 a4 41. d7 a3 42. d8=Q a2 43. Bf6 a1=B 44. Bxa1 Kb3 45. g4 Ka2 46. Bh8
Kb3 47. g5 c3 48. Qxc3+ Ka4 49. Qc5 Kb3 50. g6 Ka4 51. g7 Kb3 52. g8=Q+ Ka4 53.
Qgg5 Kb3 54. f4 Ka4 55. f5 Kb3 56. f6 1-0

[Event "FIDE World Rapid Team"]
[Site "London ENG"]
[Date "2025.06.11"]
[Round "3.2"]
[White "Short, Nigel D"]
[Black "Degenbaev, Aziz"]
[Result "1-0"]
[WhiteTitle "GM"]
[BlackTitle "FM"]
[WhiteElo "2587"]
[BlackElo "2286"]
[WhiteTeam "FIDE MB Team"]
[BlackTeam "Noval Group Kyrgyzstan"]
[WhiteFideId "400025"]
[BlackFideId "13802640"]
[EventDate "2025.06.11"]
[EventType "team"]

1. e4 c5 2. Nc3 Nc6 3. g3 g6 4. Bg2 Bg7 5. d3 Nf6 6. f4 d6 7. Nf3 O-O 8. O-O Rb8
9. h3 b5 10. a3 a5 11. g4 b4 12. axb4 axb4 13. Ne2 Ne8 14. f5 e6 15. fxg6 fxg6
16. Kh1 e5 17. Bg5 Qd7 18. Qd2 Nc7 19. c3 Ne6 20. Be3 Bb7 21. Ng5 Nc7 22. d4
bxc3 23. bxc3 cxd4 24. cxd4 exd4 25. Nxd4 Ne5 26. Rxf8+ Rxf8 27. Ra7 Nb5 28.
Nxb5 Qxb5 29. Qxd6 Nc6 30. Qe6+ Kh8 31. Nf7+ Rxf7 32. Qxf7 Nxa7 33. Bd4 1-0

[Event "FIDE World Rapid Team"]
[Site "London ENG"]
[Date "2025.06.11"]
[Round "3.3"]
[White "Zhakshylykov, Erzhan"]
[Black "Bologan, Victor"]
[Result "0-1"]
[WhiteTitle "IM"]
[BlackTitle "GM"]
[WhiteElo "2362"]
[BlackElo "2601"]
[WhiteTeam "Noval Group Kyrgyzstan"]
[BlackTeam "FIDE MB Team"]
[WhiteFideId "13804111"]
[BlackFideId "13900048"]
[EventDate "2025.06.11"]
[EventType "team"]

1. d4 Nf6 2. c4 Nc6 3. Nf3 e6 4. a3 d6 5. Nc3 g6 6. g3 Bg7 7. Bg2 O-O 8. O-O a6
9. d5 Ne7 10. e4 Nd7 11. Be3 e5 12. Ne1 f5 13. Nd3 Nf6 14. f3 h6 15. Kh1 g5 16.
exf5 Nxf5 17. Bf2 Bd7 18. c5 Kh8 19. a4 Nd4 20. Rc1 Qe8 21. Re1 Qh5 22. Kg1 Rae8
23. b4 g4 24. Bxd4 exd4 25. Nf4 Rxe1+ 26. Qxe1 Qf7 27. Nce2 Nxd5 28. Nxd5 Qxd5
29. fxg4 Qg5 30. Nf4 Bxg4 31. cxd6 cxd6 32. h4 Qf6 33. Rc7 d3 34. Kh2 Bf5 35.
Nh5 Qe5 36. Qd2 Qe2 37. Qxe2 dxe2 38. Re7 Be5 0-1

[Event "FIDE World Rapid Team"]
[Site "London ENG"]
[Date "2025.06.11"]
[Round "3.4"]
[White "Al-Mudahka, Mohd"]
[Black "Iunusov, Nuriddin"]
[Result "1/2-1/2"]
[WhiteTitle "GM"]
[BlackTitle "CM"]
[WhiteElo "2542"]
[BlackElo "1953"]
[WhiteTeam "FIDE MB Team"]
[BlackTeam "Noval Group Kyrgyzstan"]
[WhiteFideId "12100030"]
[BlackFideId "13803026"]
[EventDate "2025.06.11"]
[EventType "team"]

1. e4 e5 2. Nf3 Nc6 3. Bb5 a6 4. Ba4 Nf6 5. O-O b5 6. Bb3 Bb7 7. d3 Bd6 8. c3
O-O 9. Re1 h6 10. Nh4 Na5 11. Nf5 Nxb3 12. axb3 Bc5 13. Qf3 Kh7 14. Qg3 Rg8 15.
Qh3 Bf8 16. Bg5 d5 17. Nd2 Bc8 18. Nf3 dxe4 19. dxe4 Qe8 20. Bxf6 gxf6 21. Qh4
Rg6 22. h3 Be6 23. Nh2 Bg7 24. Ng4 Bxb3 25. Re3 Be6 26. Rd3 Bxf5 27. exf5 Rg5
28. Ne3 Qc6 29. Rad1 Bf8 30. Rd7 Kg8 31. Nd5 Rc8 32. Qe4 Kg7 33. h4 Qxd7 34.
hxg5 hxg5 35. Rd3 Bd6 36. Rh3 Bc5 37. Rh7+ Kf8 38. Nxf6 Qd1+ 39. Kh2 Bxf2 40.
Rh8+ Kg7 41. Rxc8 Kxf6 42. Qc6+ Kxf5 43. Qf3+ Qxf3 44. gxf3 Bb6 45. Kg2 Kf4 46.
Re8 f5 47. Re6 a5 48. Re8 e4 49. fxe4 fxe4 50. Kf1 g4 51. Ke2 g3 52. Rg8 Bf2 53.
Rf8+ Ke5 54. b3 c5 55. Rb8 b4 56. cxb4 axb4 57. Rd8 Bd4 58. Rg8 Kf4 59. Rf8+ Ke5
60. Rg8 Bf2 61. Rd8 Kf4 62. Rf8+ Kg4 63. Rg8+ Kf5 64. Re8 Kf4 65. Rf8+ Ke5 66.
Rd8 Ke6 67. Re8+ Kd5 68. Rd8+ Kc6 69. Re8 Kd5 70. Rd8+ Ke6 71. Re8+ Kf5 72. Rf8+
Ke5 73. Rd8 Bd4 74. Rg8 Kf4 75. Rf8+ Kg4 76. Kf1 Bf2 77. Rg8+ Kf3 78. Rf8+ Ke3
79. Rd8 Kf4 80. Ke2 e3 81. Rg8 Ke4 82. Rg4+ Kd5 83. Kf3 Kc6 84. Rc4 Kd5 85. Rg4
Kc6 86. Rc4 Kd5 1/2-1/2

[Event "FIDE World Rapid Team"]
[Site "London ENG"]
[Date "2025.06.11"]
[Round "3.5"]
[White "Sovetbekova, Nurai"]
[Black "Zhu, Chen"]
[Result "0-1"]
[WhiteTitle "WFM"]
[BlackTitle "GM"]
[WhiteElo "2007"]
[BlackElo "2423"]
[WhiteTeam "Noval Group Kyrgyzstan"]
[BlackTeam "FIDE MB Team"]
[WhiteFideId "13801910"]
[BlackFideId "8600546"]
[EventDate "2025.06.11"]
[EventType "team"]

1. d4 d6 2. Nf3 Nd7 3. Bf4 g6 4. e3 Bg7 5. Be2 e5 6. Bg5 Ne7 7. h3 f6 8. Bh4 Nf5
9. Nbd2 e4 10. Nxe4 Nxh4 11. Nxh4 f5 12. Nxf5 gxf5 13. Bh5+ Kf8 14. Qf3 Nf6 15.
Ng5 Qe7 16. h4 h6 17. Nh3 Qe4 18. Qe2 Nxh5 19. Qxh5 Qg4 20. Qxg4 fxg4 21. Nf4
Kf7 22. O-O-O Bf5 23. h5 Rhe8 24. Rde1 Bf6 25. f3 c6 26. fxg4 Bxg4 27. Rhf1 Kg7
28. Kd2 Re4 29. Nd3 Bxh5 30. Nf2 Re7 31. g4 Bg6 32. Nh3 Rae8 33. c4 Re4 34. Nf2
R4e6 35. Nh3 Bg5 36. Rf3 Re4 37. Nf2 R4e7 38. b4 Be4 39. Rh3 Rf7 40. Re2 Bf3 41.
Re1 Bg2 42. Rh2 Rxf2+ 43. Kc3 Rxe3+ 44. Rxe3 Bxe3 0-1

[Event "FIDE World Rapid Team"]
[Site "London ENG"]
[Date "2025.06.11"]
[Round "3.1"]
[White "Nogerbek, Kazybek"]
[Black "Derakhshani, Borna"]
[Result "1-0"]
[WhiteTitle "GM"]
[BlackTitle "FM"]
[WhiteElo "2538"]
[BlackElo "2348"]
[WhiteTeam "Barys.kz"]
[BlackTeam "Wood Green Youth"]
[WhiteFideId "13710427"]
[BlackFideId "12518450"]
[EventDate "2025.06.11"]
[EventType "team"]

1. Nf3 Nf6 2. g3 e6 3. Bg2 d5 4. c4 Be7 5. O-O O-O 6. d3 d4 7. Ne5 Nfd7 8. Nxd7
Nxd7 9. Nd2 a5 10. Rb1 Nc5 11. b3 Bd7 12. f4 Bc6 13. Bxc6 bxc6 14. Nf3 Na6 15.
Ne5 c5 16. e4 f6 17. Nf3 Nb4 18. a3 Nc6 19. Bd2 Qd7 20. Kg2 Rfb8 21. Qc2 Rb6 22.
h4 Qc8 23. h5 Qb7 24. Rb2 Rb8 25. Rfb1 f5 26. a4 Bf6 27. e5 Be7 28. Be1 Bd8 29.
Qe2 Be7 30. Bd2 Qa8 31. Kf2 R8b7 32. Nh2 Nd8 33. g4 Bh4+ 34. Kg1 Be7 35. Qf3 Qb8
36. Bxa5 Rxb3 37. Rxb3 Rxb3 38. Rxb3 Qxb3 39. Bxc7 fxg4 40. Nxg4 Qxa4 41. Bxd8
Bxd8 42. f5 Qd7 43. f6 Qe8 44. Qa8 Kf8 45. Kg2 gxf6 46. exf6 Bc7 47. Qb7 Qd8 48.
Kf3 Qd6 49. Ke2 Qf4 50. Qc8+ 1-0

[Event "FIDE World Rapid Team"]
[Site "London ENG"]
[Date "2025.06.11"]
[Round "3.2"]
[White "Balaji, Aaravamudhan"]
[Black "Makhnev, Denis"]
[Result "1-0"]
[WhiteTitle "IM"]
[BlackTitle "GM"]
[WhiteElo "2346"]
[BlackElo "2531"]
[WhiteTeam "Wood Green Youth"]
[BlackTeam "Barys.kz"]
[WhiteFideId "436224"]
[BlackFideId "13707647"]
[EventDate "2025.06.11"]
[EventType "team"]

1. d4 Nf6 2. c4 e6 3. Nc3 Bb4 4. e3 O-O 5. Bd3 d5 6. a3 dxc4 7. Bxc4 Bd6 8. Nf3
Nc6 9. O-O e5 10. h3 a6 11. Qc2 Bd7 12. Rd1 Qc8 13. Ne4 Nxe4 14. Qxe4 Bf5 15.
Qh4 Bc2 16. Re1 exd4 17. exd4 Na5 18. Ba2 Nb3 19. Bxb3 Bxb3 20. Bf4 Qd7 21. Re3
Bd5 22. Rae1 f6 23. Bxd6 Qxd6 24. Nd2 Qb6 25. b4 a5 26. bxa5 Qxa5 27. Ne4 b6 28.
Ng3 Bb7 29. Qf4 Qd5 30. f3 c5 31. Nf5 Kh8 32. Re7 Rg8 33. Nd6 Rgf8 34. Rxb7 Rad8
35. Qg4 g6 36. Ree7 1-0